[Event "Hoogeveen Open"]
[Site "Hoogeveen, Netherlands"]
[Date "2018.10.23"]
[Round "5.9"]
[White "Kevlishvili, Robby"]
[Black "Tomilova, Elena"]
[Result "1/2-1/2"]
[WhiteElo "2461"]
[BlackElo "2328"]

1. e4 {[%clk 01:30:57]} {[%emt 00:00:03]} e6 {[%clk 01:30:55]} {[%emt
00:00:06]} 2. d4 {[%clk 01:31:22]} {[%emt 00:00:05]} d5 {[%clk 01:31:21]}
{[%emt 00:00:03]} 3. Nd2 {[%clk 01:31:47]} {[%emt 00:00:05]} c5 {[%clk
01:31:46]} {[%emt 00:00:06]} 4. Ngf3 {[%clk 01:27:38]} {[%emt 00:04:38]} Nc6
{[%clk 01:31:57]} {[%emt 00:00:20]} 5. exd5 {[%clk 01:27:53]} {[%emt 00:00:15]}
exd5 {[%clk 01:32:22]} {[%emt 00:00:05]} 6. Bb5 {[%clk 01:28:05]} {[%emt
00:00:18]} Qe7+ {[%clk 01:32:44]} {[%emt 00:00:08]} 7. Be2 {[%clk 01:28:18]}
{[%emt 00:00:16]} Qc7 {[%clk 01:33:05]} {[%emt 00:00:09]} 8. O-O {[%clk
01:28:26]} {[%emt 00:00:22]} Nf6 {[%clk 01:33:24]} {[%emt 00:00:12]} 9. Re1
{[%clk 01:28:25]} {[%emt 00:00:31]} Be6 {[%clk 01:33:46]} {[%emt 00:00:08]} 10.
dxc5 {[%clk 01:01:26]} {[%emt 00:27:28]} Bxc5 {[%clk 01:34:08]} {[%emt
00:00:09]} 11. Nb3 {[%clk 01:01:47]} {[%emt 00:00:09]} Bb6 {[%clk 01:33:45]}
{[%emt 00:00:52]} 12. Bb5 {[%clk 01:01:17]} {[%emt 00:01:01]} O-O {[%clk
01:31:31]} {[%emt 00:02:44]} 13. Be3 {[%clk 00:58:53]} {[%emt 00:02:53]} Ne4
{[%clk 01:24:02]} {[%emt 00:08:00]} 14. a4 {[%clk 00:54:44]} {[%emt 00:04:39]}
a6 {[%clk 01:23:06]} {[%emt 00:01:26]} 15. Bf1 {[%clk 00:52:24]} {[%emt
00:02:49]} Rae8 {[%clk 01:06:49]} {[%emt 00:16:48]} 16. Bxb6 {[%clk 00:51:59]}
{[%emt 00:00:55]} Qxb6 {[%clk 01:07:17]} {[%emt 00:00:02]} 17. Nfd4 {[%clk
00:52:02]} {[%emt 00:00:26]} Re7 {[%clk 01:04:08]} {[%emt 00:03:39]} 18. a5
{[%clk 00:50:49]} {[%emt 00:01:44]} Qa7 {[%clk 01:03:49]} {[%emt 00:00:49]} 19.
c3 {[%clk 00:50:05]} {[%emt 00:01:14]} Rfe8 {[%clk 01:00:52]} {[%emt 00:03:28]}
20. Qc2 {[%clk 00:39:48]} {[%emt 00:10:46]} Bc8 {[%clk 00:57:36]} {[%emt
00:03:46]} 21. f3 {[%clk 00:32:51]} {[%emt 00:07:26]} Nc5 {[%clk 00:49:00]}
{[%emt 00:09:07]} 22. Rxe7 {[%clk 00:32:49]} {[%emt 00:00:32]} Rxe7 {[%clk
00:49:03]} {[%emt 00:00:28]} 23. Qf2 {[%clk 00:31:38]} {[%emt 00:01:40]} Nxb3
{[%clk 00:47:34]} {[%emt 00:02:00]} 24. Nxb3 {[%clk 00:31:47]} {[%emt
00:00:20]} Qxf2+ {[%clk 00:47:18]} {[%emt 00:00:46]} 25. Kxf2 {[%clk 00:32:09]}
{[%emt 00:00:08]} Bf5 {[%clk 00:42:01]} {[%emt 00:05:48]} 26. Be2 {[%clk
00:16:17]} {[%emt 00:16:22]} g5 {[%clk 00:36:59]} {[%emt 00:05:32]} 27. Nd4
{[%clk 00:11:19]} {[%emt 00:05:28]} Nxd4 {[%clk 00:35:07]} {[%emt 00:02:22]} 28.
cxd4 {[%clk 00:11:42]} {[%emt 00:00:08]} Rc7 {[%clk 00:35:23]} {[%emt
00:00:14]} 29. Ra3 {[%clk 00:12:09]} {[%emt 00:00:04]} Kf8 {[%clk 00:26:27]}
{[%emt 00:09:25]} 30. Rb3 {[%clk 00:12:22]} {[%emt 00:00:16]} Bd7 {[%clk
00:14:42]} {[%emt 00:12:16]} 31. Bd3 {[%clk 00:11:24]} {[%emt 00:01:27]} Ba4
{[%clk 00:13:48]} {[%emt 00:01:24]} 32. Rb6 {[%clk 00:06:30]} {[%emt 00:05:24]}
h5 {[%clk 00:12:21]} {[%emt 00:01:57]} 33. Rh6 {[%clk 00:04:00]} {[%emt
00:03:00]} h4 {[%clk 00:10:10]} {[%emt 00:02:42]} 34. f4 {[%clk 00:02:15]}
{[%emt 00:02:15]} Bc2 {[%clk 00:09:01]} {[%emt 00:01:38]} 35. Ke2 {[%clk
00:01:50]} {[%emt 00:00:55]} Re7+ {[%clk 00:09:15]} {[%emt 00:00:16]} 36. Kd2
{[%clk 00:02:17]} {[%emt 00:00:03]} Bxd3 {[%clk 00:09:35]} {[%emt 00:00:10]} 37.
Kxd3 {[%clk 00:02:38]} {[%emt 00:00:09]} gxf4 {[%clk 00:09:44]} {[%emt
00:00:22]} 38. Rxh4 {[%clk 00:02:48]} {[%emt 00:00:20]} Re3+ {[%clk 00:09:52]}
{[%emt 00:00:22]} 39. Kd2 {[%clk 00:03:15]} {[%emt 00:00:03]} Re4 {[%clk
00:10:03]} {[%emt 00:00:19]} 40. Kc3 {[%clk 00:01:42]} {[%emt 00:02:02]} Re3+
{[%clk 00:08:13]} {[%emt 00:02:20]} 41. Kb4 {[%clk 00:00:57]} {[%emt 00:01:15]}
Re2 {[%clk 00:05:38]} {[%emt 00:03:05]} 42. b3 {[%clk 00:01:11]} {[%emt
00:00:17]} Rxg2 {[%clk 00:03:55]} {[%emt 00:02:12]} 43. Rxf4 {[%clk 00:01:25]}
{[%emt 00:00:16]} Rxh2 {[%clk 00:04:18]} {[%emt 00:00:07]} 44. Rf6 {[%clk
00:24:29]} {[%emt 00:07:25]} Rc2 {[%clk 00:33:12]} {[%emt 00:01:37]} 45. Rd6
{[%clk 00:24:39]} {[%emt 00:00:20]} Ke7 {[%clk 00:28:32]} {[%emt 00:05:11]} 46.
Rxd5 {[%clk 00:24:59]} {[%emt 00:00:09]} f6 {[%clk 00:24:12]} {[%emt 00:04:50]}
47. Rh5 {[%clk 00:23:52]} {[%emt 00:01:38]} Rc7 {[%clk 00:23:34]} {[%emt
00:01:07]} 48. Rh8 {[%clk 00:23:56]} {[%emt 00:00:25]} f5 {[%clk 00:22:44]}
{[%emt 00:01:21]} 49. Rh6 {[%clk 00:23:25]} {[%emt 00:01:01]} Ke8 {[%clk
00:21:20]} {[%emt 00:01:54]} 50. Rh8+ {[%clk 00:21:41]} {[%emt 00:02:13]}
1/2-1/2

[Event "Hoogeveen Open"]
[Site "Hoogeveen, Netherlands"]
[Date "2018.10.23"]
[Round "5.10"]
[White "Bluhm, Sonja Maria"]
[Black "Beerdsen, Thomas"]
[Result "0-1"]
[WhiteElo "2281"]
[BlackElo "2460"]

1. d4 {[%clk 01:30:57]} {[%emt 00:00:03]} e6 {[%clk 01:27:57]} {[%emt
00:03:03]} 2. Nf3 {[%clk 01:30:14]} {[%emt 00:01:13]} c5 {[%clk 01:28:22]}
{[%emt 00:00:05]} 3. e3 {[%clk 01:30:28]} {[%emt 00:00:16]} Nc6 {[%clk
01:26:16]} {[%emt 00:02:35]} 4. b3 {[%clk 01:30:44]} {[%emt 00:00:15]} Nf6
{[%clk 01:25:19]} {[%emt 00:01:26]} 5. Bb2 {[%clk 01:30:54]} {[%emt 00:00:21]}
b6 {[%clk 01:25:17]} {[%emt 00:00:31]} 6. a3 {[%clk 01:30:22]} {[%emt
00:01:03]} Bb7 {[%clk 01:25:34]} {[%emt 00:00:13]} 7. Bd3 {[%clk 01:30:38]}
{[%emt 00:00:15]} Be7 {[%clk 01:25:48]} {[%emt 00:00:14]} 8. O-O {[%clk
01:30:19]} {[%emt 00:00:49]} O-O {[%clk 01:25:58]} {[%emt 00:00:19]} 9. Nbd2
{[%clk 01:29:46]} {[%emt 00:01:05]} Rc8 {[%clk 01:24:44]} {[%emt 00:01:44]} 10.
e4 {[%clk 01:23:12]} {[%emt 00:07:04]} cxd4 {[%clk 01:24:49]} {[%emt 00:00:25]}
11. Nxd4 {[%clk 01:23:27]} {[%emt 00:00:15]} d6 {[%clk 01:17:53]} {[%emt
00:07:26]} 12. c4 {[%clk 01:22:21]} {[%emt 00:01:38]} Nd7 {[%clk 01:13:36]}
{[%emt 00:04:45]} 13. Qe2 {[%clk 01:20:59]} {[%emt 00:01:52]} Nxd4 {[%clk
01:07:55]} {[%emt 00:06:12]} 14. Bxd4 {[%clk 01:21:22]} {[%emt 00:00:08]} Bf6
{[%clk 01:06:46]} {[%emt 00:01:38]} 15. Nf3 {[%clk 01:19:34]} {[%emt 00:02:18]}
Nc5 {[%clk 01:04:17]} {[%emt 00:02:58]} 16. Bc2 {[%clk 01:19:17]} {[%emt
00:00:48]} Bxd4 {[%clk 01:04:13]} {[%emt 00:00:34]} 17. Nxd4 {[%clk 01:19:41]}
{[%emt 00:00:07]} e5 {[%clk 01:04:05]} {[%emt 00:00:37]} 18. Nf3 {[%clk
01:16:34]} {[%emt 00:03:37]} Qf6 {[%clk 00:58:58]} {[%emt 00:05:36]} 19. Rad1
{[%clk 01:15:26]} {[%emt 00:01:38]} Rfd8 {[%clk 00:58:30]} {[%emt 00:00:57]} 20.
Rd2 {[%clk 01:14:40]} {[%emt 00:01:17]} Qf4 {[%clk 00:56:12]} {[%emt 00:02:47]}
21. g3 {[%clk 01:11:38]} {[%emt 00:03:32]} Qg4 {[%clk 00:54:55]} {[%emt
00:01:46]} 22. Nh4 {[%clk 01:09:40]} {[%emt 00:02:28]} Qxe2 {[%clk 00:54:47]}
{[%emt 00:00:38]} 23. Rxe2 {[%clk 01:10:09]} {[%emt 00:00:02]} g6 {[%clk
00:52:28]} {[%emt 00:02:48]} 24. Rfe1 {[%clk 01:04:36]} {[%emt 00:06:04]} Rc7
{[%clk 00:49:47]} {[%emt 00:03:11]} 25. Rd2 {[%clk 01:04:38]} {[%emt 00:00:28]}
Kf8 {[%clk 00:48:48]} {[%emt 00:01:28]} 26. f3 {[%clk 01:01:40]} {[%emt
00:03:29]} Ne6 {[%clk 00:44:50]} {[%emt 00:04:28]} 27. Kf2 {[%clk 01:01:10]}
{[%emt 00:01:01]} Ke7 {[%clk 00:39:46]} {[%emt 00:05:34]} 28. a4 {[%clk
00:56:04]} {[%emt 00:05:36]} a6 {[%clk 00:38:59]} {[%emt 00:01:16]} 29. Bd3
{[%clk 00:55:36]} {[%emt 00:00:59]} Nd4 {[%clk 00:37:51]} {[%emt 00:01:38]} 30.
Rb1 {[%clk 00:55:27]} {[%emt 00:00:39]} Bc8 {[%clk 00:36:13]} {[%emt 00:02:08]}
31. f4 {[%clk 00:51:29]} {[%emt 00:04:28]} Bg4 {[%clk 00:33:56]} {[%emt
00:02:46]} 32. Bf1 {[%clk 00:49:03]} {[%emt 00:02:56]} f6 {[%clk 00:31:20]}
{[%emt 00:03:06]} 33. h3 {[%clk 00:48:37]} {[%emt 00:00:57]} Bd7 {[%clk
00:30:57]} {[%emt 00:00:53]} 34. Nf3 {[%clk 00:47:07]} {[%emt 00:02:00]} Ne6
{[%clk 00:30:42]} {[%emt 00:00:44]} 35. Ke3 {[%clk 00:46:21]} {[%emt 00:01:17]}
Bc6 {[%clk 00:28:47]} {[%emt 00:02:24]} 36. Ra2 {[%clk 00:42:43]} {[%emt
00:04:09]} Nc5 {[%clk 00:23:21]} {[%emt 00:05:55]} 37. Nd2 {[%clk 00:42:42]}
{[%emt 00:00:31]} a5 {[%clk 00:23:13]} {[%emt 00:00:37]} 38. Bd3 {[%clk
00:42:12]} {[%emt 00:01:01]} Kf8 {[%clk 00:22:57]} {[%emt 00:00:46]} 39. Raa1
{[%clk 00:40:15]} {[%emt 00:02:27]} exf4+ {[%clk 00:16:29]} {[%emt 00:06:57]}
40. gxf4 {[%clk 00:40:22]} {[%emt 00:00:23]} f5 {[%clk 00:16:42]} {[%emt
00:00:18]} 41. Re1 {[%clk 00:32:18]} {[%emt 00:08:34]} Re7 {[%clk 00:14:27]}
{[%emt 00:02:44]} 42. Bc2 {[%clk 00:29:50]} {[%emt 00:02:59]} Bxe4 {[%clk
00:13:15]} {[%emt 00:01:41]} 43. Bxe4 {[%clk 00:29:31]} {[%emt 00:00:50]} Nxe4
{[%clk 00:13:06]} {[%emt 00:00:38]} 44. Nxe4 {[%clk 00:29:37]} {[%emt
00:00:25]} Rxe4+ {[%clk 00:11:43]} {[%emt 00:01:52]} 45. Kf3 {[%clk 00:29:59]}
{[%emt 00:00:08]} d5 {[%clk 00:08:37]} {[%emt 00:03:35]} 46. cxd5 {[%clk
00:28:55]} {[%emt 00:01:35]} Rxe1 {[%clk 00:08:07]} {[%emt 00:01:00]} 47. Rxe1
{[%clk 00:29:19]} {[%emt 00:00:06]} Rxd5 {[%clk 00:08:33]} {[%emt 00:00:03]} 48.
Re3 {[%clk 00:28:51]} {[%emt 00:00:59]} Rd4 {[%clk 00:06:21]} {[%emt 00:02:42]}
49. h4 {[%clk 00:28:29]} {[%emt 00:00:52]} Kg7 {[%clk 00:05:50]} {[%emt
00:01:00]} 50. Kg3 {[%clk 00:28:02]} {[%emt 00:00:58]} Kh6 {[%clk 00:06:07]}
{[%emt 00:00:12]} 51. Rc3 {[%clk 00:28:23]} {[%emt 00:00:10]} Kh5 {[%clk
00:06:27]} {[%emt 00:00:10]} 52. Re3 {[%clk 00:28:25]} {[%emt 00:00:29]} Rd1
{[%clk 00:05:50]} {[%emt 00:01:07]} 53. Rc3 {[%clk 00:28:10]} {[%emt 00:00:45]}
Rg1+ {[%clk 00:06:00]} {[%emt 00:00:19]} 54. Kf3 {[%clk 00:28:19]} {[%emt
00:00:22]} Kxh4 {[%clk 00:06:09]} {[%emt 00:00:20]} 0-1

[Event "Hoogeveen Open"]
[Site "Hoogeveen, Netherlands"]
[Date "2018.10.23"]
[Round "5.11"]
[White "Shyaamnikhil, P"]
[Black "Sparenberg, Erik"]
[Result "1-0"]
[WhiteElo "2429"]
[BlackElo "2224"]

1. Nf3 {[%clk 01:30:49]} {[%emt 00:00:10]} Nf6 {[%clk 01:30:55]} {[%emt
00:00:06]} 2. g3 {[%clk 01:29:54]} {[%emt 00:01:24]} g6 {[%clk 01:31:19]}
{[%emt 00:00:07]} 3. Bg2 {[%clk 01:30:20]} {[%emt 00:00:05]} Bg7 {[%clk
01:31:45]} {[%emt 00:00:03]} 4. O-O {[%clk 01:30:20]} {[%emt 00:00:29]} O-O
{[%clk 01:32:10]} {[%emt 00:00:05]} 5. d4 {[%clk 01:30:40]} {[%emt 00:00:12]}
d6 {[%clk 01:32:23]} {[%emt 00:00:17]} 6. a4 {[%clk 01:30:05]} {[%emt
00:01:04]} c5 {[%clk 01:30:39]} {[%emt 00:02:13]} 7. c3 {[%clk 01:24:36]}
{[%emt 00:06:00]} Nbd7 {[%clk 01:28:50]} {[%emt 00:02:19]} 8. a5 {[%clk
01:20:02]} {[%emt 00:05:05]} Rb8 {[%clk 01:19:54]} {[%emt 00:09:24]} 9. c4
{[%clk 01:09:01]} {[%emt 00:11:32]} b6 {[%clk 01:16:15]} {[%emt 00:04:09]} 10.
axb6 {[%clk 00:57:48]} {[%emt 00:11:43]} Qxb6 {[%clk 01:16:04]} {[%emt
00:00:41]} 11. d5 {[%clk 00:53:39]} {[%emt 00:04:39]} Rb7 {[%clk 00:56:24]}
{[%emt 00:20:10]} 12. Nc3 {[%clk 00:52:37]} {[%emt 00:01:32]} h6 {[%clk
00:48:29]} {[%emt 00:08:25]} 13. h3 {[%clk 00:50:00]} {[%emt 00:03:07]} Kh7
{[%clk 00:41:48]} {[%emt 00:07:12]} 14. Ra3 {[%clk 00:48:24]} {[%emt 00:02:06]}
Ng8 {[%clk 00:40:55]} {[%emt 00:01:22]} 15. Nd2 {[%clk 00:44:36]} {[%emt
00:04:18]} f5 {[%clk 00:36:11]} {[%emt 00:05:14]} 16. e3 {[%clk 00:36:28]}
{[%emt 00:08:38]} Ndf6 {[%clk 00:31:47]} {[%emt 00:04:54]} 17. Nb3 {[%clk
00:32:52]} {[%emt 00:04:06]} Bd7 {[%clk 00:27:31]} {[%emt 00:04:45]} 18. Qc2
{[%clk 00:31:47]} {[%emt 00:01:35]} Rbb8 {[%clk 00:22:45]} {[%emt 00:05:17]} 19.
Rd1 {[%clk 00:29:04]} {[%emt 00:03:13]} h5 {[%clk 00:17:55]} {[%emt 00:05:19]}
20. Ne2 {[%clk 00:21:41]} {[%emt 00:07:53]} Nh6 {[%clk 00:16:07]} {[%emt
00:02:19]} 21. Bd2 {[%clk 00:20:59]} {[%emt 00:01:12]} Ne4 {[%clk 00:09:18]}
{[%emt 00:07:19]} 22. Ba5 {[%clk 00:20:44]} {[%emt 00:00:45]} Qb7 {[%clk
00:09:46]} {[%emt 00:00:02]} 23. f3 {[%clk 00:17:31]} {[%emt 00:03:43]} Nf6
{[%clk 00:10:15]} {[%emt 00:00:02]} 24. Bc3 {[%clk 00:16:23]} {[%emt 00:01:38]}
Nf7 {[%clk 00:08:36]} {[%emt 00:02:09]} 25. Rda1 {[%clk 00:16:26]} {[%emt
00:00:27]} e5 {[%clk 00:06:16]} {[%emt 00:02:50]} 26. dxe6 {[%clk 00:16:19]}
{[%emt 00:00:37]} Bxe6 {[%clk 00:06:44]} {[%emt 00:00:02]} 27. Nd2 {[%clk
00:16:17]} {[%emt 00:00:32]} Ra8 {[%clk 00:05:34]} {[%emt 00:01:40]} 28. f4
{[%clk 00:12:16]} {[%emt 00:04:31]} d5 {[%clk 00:05:57]} {[%emt 00:00:07]} 29.
Ra6 {[%clk 00:07:15]} {[%emt 00:05:30]} Qe7 {[%clk 00:05:54]} {[%emt 00:00:33]}
30. Bxf6 {[%clk 00:06:45]} {[%emt 00:01:00]} Bxf6 {[%clk 00:06:07]} {[%emt
00:00:17]} 31. cxd5 {[%clk 00:06:46]} {[%emt 00:00:29]} Bc8 {[%clk 00:05:08]}
{[%emt 00:01:28]} 32. R6a3 {[%clk 00:05:27]} {[%emt 00:01:50]} Nd6 {[%clk
00:04:51]} {[%emt 00:00:48]} 33. e4 {[%clk 00:04:03]} {[%emt 00:01:54]} fxe4
{[%clk 00:04:44]} {[%emt 00:00:37]} 34. Nxe4 {[%clk 00:04:27]} {[%emt
00:00:05]} Bf5 {[%clk 00:03:06]} {[%emt 00:02:09]} 35. Nxf6+ {[%clk 00:04:26]}
{[%emt 00:00:30]} Rxf6 {[%clk 00:03:03]} {[%emt 00:00:33]} 36. Qc3 {[%clk
00:02:24]} {[%emt 00:02:32]} Rf7 {[%clk 00:01:54]} {[%emt 00:01:39]} 37. Qxc5
{[%clk 00:01:12]} {[%emt 00:01:43]} Qxe2 {[%clk 00:00:52]} {[%emt 00:01:32]} 38.
Qxd6 {[%clk 00:01:36]} {[%emt 00:00:06]} Be4 {[%clk 00:00:43]} {[%emt
00:00:39]} 39. Bxe4 {[%clk 00:01:55]} {[%emt 00:00:12]} Qxe4 {[%clk 00:01:06]}
{[%emt 00:00:07]} 40. Qe5 {[%clk 00:02:01]} {[%emt 00:00:23]} Qb4 {[%clk
00:00:54]} {[%emt 00:00:42]} 41. Ra4 {[%clk 00:00:33]} {[%emt 00:01:59]} Qb6+
{[%clk 00:28:59]} {[%emt 00:02:25]} 42. Qd4 {[%clk 00:30:46]} {[%emt 00:00:16]}
Qb3 {[%clk 00:26:57]} {[%emt 00:02:32]} 43. R4a3 {[%clk 00:30:09]} {[%emt
00:01:07]} Qc2 {[%clk 00:27:10]} {[%emt 00:00:16]} 44. Rxa7 {[%clk 00:20:47]}
{[%emt 00:09:52]} Raxa7 {[%clk 00:26:35]} {[%emt 00:01:06]} 45. Rxa7 {[%clk
00:21:12]} {[%emt 00:00:05]} Qc1+ {[%clk 00:26:35]} {[%emt 00:00:30]} 46. Kg2
{[%clk 00:21:29]} {[%emt 00:00:13]} Qc2+ {[%clk 00:26:54]} {[%emt 00:00:10]} 47.
Kf3 {[%clk 00:21:53]} {[%emt 00:00:07]} Qb3+ {[%clk 00:27:08]} {[%emt
00:00:16]} 48. Ke4 {[%clk 00:22:16]} {[%emt 00:00:06]} Qc2+ {[%clk 00:27:09]}
{[%emt 00:00:29]} 49. Ke5 {[%clk 00:22:40]} {[%emt 00:00:06]} Qf5+ {[%clk
00:20:52]} {[%emt 00:06:47]} 50. Kd6 {[%clk 00:22:20]} {[%emt 00:00:50]} Rxa7
{[%clk 00:19:08]} {[%emt 00:02:14]} 51. Qxa7+ {[%clk 00:22:47]} {[%emt
00:00:03]} Kg8 {[%clk 00:19:30]} {[%emt 00:00:07]} 52. Qb8+ {[%clk 00:22:11]}
{[%emt 00:01:06]} Kg7 {[%clk 00:16:52]} {[%emt 00:03:08]} 53. Qc7+ {[%clk
00:22:35]} {[%emt 00:00:07]} Kf6 {[%clk 00:16:35]} {[%emt 00:00:46]} 54. Qe7
{[%clk 00:23:00]} {[%emt 00:00:06]} 1-0

[Event "Hoogeveen Open"]
[Site "Hoogeveen, Netherlands"]
[Date "2018.10.23"]
[Round "5.14"]
[White "Zwirs, Nico"]
[Black "Giacomini, Hector"]
[Result "1-0"]
[WhiteElo "2410"]
[BlackElo "2178"]

1. e4 {[%clk 01:30:56]} {[%emt 00:00:03]} c6 {[%clk 01:30:55]} {[%emt
00:00:06]} 2. d4 {[%clk 01:31:19]} {[%emt 00:00:07]} d5 {[%clk 01:31:22]}
{[%emt 00:00:04]} 3. exd5 {[%clk 01:31:39]} {[%emt 00:00:09]} cxd5 {[%clk
01:31:48]} {[%emt 00:00:04]} 4. c4 {[%clk 01:31:59]} {[%emt 00:00:10]} Nf6
{[%clk 01:32:14]} {[%emt 00:00:04]} 5. Nc3 {[%clk 01:32:24]} {[%emt 00:00:05]}
e6 {[%clk 01:32:41]} {[%emt 00:00:04]} 6. Nf3 {[%clk 01:32:37]} {[%emt
00:00:16]} Be7 {[%clk 01:33:06]} {[%emt 00:00:06]} 7. cxd5 {[%clk 01:32:25]}
{[%emt 00:00:43]} Nxd5 {[%clk 01:33:31]} {[%emt 00:00:05]} 8. Bd3 {[%clk
01:32:47]} {[%emt 00:00:07]} Nc6 {[%clk 01:33:55]} {[%emt 00:00:07]} 9. O-O
{[%clk 01:33:05]} {[%emt 00:00:13]} O-O {[%clk 01:34:22]} {[%emt 00:00:03]} 10.
Re1 {[%clk 01:33:23]} {[%emt 00:00:11]} Bf6 {[%clk 01:34:43]} {[%emt 00:00:10]}
11. Be4 {[%clk 01:33:31]} {[%emt 00:00:21]} Nce7 {[%clk 01:35:03]} {[%emt
00:00:11]} 12. Qd3 {[%clk 01:32:54]} {[%emt 00:01:06]} h6 {[%clk 01:35:28]}
{[%emt 00:00:05]} 13. Ne5 {[%clk 01:33:00]} {[%emt 00:00:23]} Bd7 {[%clk
01:35:29]} {[%emt 00:00:31]} 14. Qg3 {[%clk 01:32:47]} {[%emt 00:00:41]} Bc6
{[%clk 01:35:49]} {[%emt 00:00:12]} 15. Nxc6 {[%clk 01:33:01]} {[%emt
00:00:16]} bxc6 {[%clk 01:36:08]} {[%emt 00:00:11]} 16. Bxh6 {[%clk 01:33:17]}
{[%emt 00:00:13]} Qb6 {[%clk 01:35:06]} {[%emt 00:01:33]} 17. Bg5 {[%clk
01:13:49]} {[%emt 00:19:58]} Bxg5 {[%clk 01:31:06]} {[%emt 00:04:31]} 18. Qxg5
{[%clk 01:14:00]} {[%emt 00:00:16]} Qxb2 {[%clk 01:28:50]} {[%emt 00:02:50]} 19.
Ne2 {[%clk 01:09:12]} {[%emt 00:05:16]} Nf6 {[%clk 01:24:19]} {[%emt 00:05:02]}
20. Bf3 {[%clk 01:08:19]} {[%emt 00:01:22]} Rab8 {[%clk 01:22:00]} {[%emt
00:02:51]} 21. Qc5 {[%clk 01:05:36]} {[%emt 00:03:12]} Rb7 {[%clk 01:12:48]}
{[%emt 00:09:44]} 22. h4 {[%clk 00:54:50]} {[%emt 00:11:13]} Rfb8 {[%clk
01:05:09]} {[%emt 00:08:09]} 23. a4 {[%clk 00:46:25]} {[%emt 00:08:56]} Nfd5
{[%clk 00:59:23]} {[%emt 00:06:17]} 24. g3 {[%clk 00:35:28]} {[%emt 00:11:26]}
Qb4 {[%clk 00:55:50]} {[%emt 00:04:04]} 25. Qc1 {[%clk 00:35:16]} {[%emt
00:00:41]} Nf5 {[%clk 00:42:43]} {[%emt 00:13:38]} 26. Qxc6 {[%clk 00:30:28]}
{[%emt 00:05:18]} Rc7 {[%clk 00:42:42]} {[%emt 00:00:30]} 27. Qa6 {[%clk
00:29:49]} {[%emt 00:01:08]} Nxd4 {[%clk 00:42:34]} {[%emt 00:00:40]} 28. Nxd4
{[%clk 00:16:45]} {[%emt 00:13:34]} Qxd4 {[%clk 00:42:54]} {[%emt 00:00:09]} 29.
Red1 {[%clk 00:16:26]} {[%emt 00:00:49]} Qc5 {[%clk 00:33:09]} {[%emt
00:10:15]} 30. Bxd5 {[%clk 00:04:23]} {[%emt 00:12:33]} exd5 {[%clk 00:33:34]}
{[%emt 00:00:05]} 31. Qd3 {[%clk 00:04:38]} {[%emt 00:00:14]} Rb2 {[%clk
00:33:14]} {[%emt 00:00:51]} 32. Qf5 {[%clk 00:03:39]} {[%emt 00:01:26]} g6
{[%clk 00:29:37]} {[%emt 00:04:10]} 33. Qf4 {[%clk 00:04:06]} {[%emt 00:00:03]}
Rc6 {[%clk 00:16:27]} {[%emt 00:13:41]} 34. Rac1 {[%clk 00:04:29]} {[%emt
00:00:06]} Qd6 {[%clk 00:16:07]} {[%emt 00:00:50]} 35. Rxc6 {[%clk 00:04:55]}
{[%emt 00:00:04]} Qxc6 {[%clk 00:16:26]} {[%emt 00:00:11]} 36. h5 {[%clk
00:03:24]} {[%emt 00:02:02]} gxh5 {[%clk 00:14:49]} {[%emt 00:02:07]} 37. Qg5+
{[%clk 00:03:52]} Qg6 {[%clk 00:14:54]} {[%emt 00:00:25]} 38. Rxd5 {[%clk
00:03:11]} {[%emt 00:01:11]} Rb6 {[%clk 00:04:12]} {[%emt 00:11:13]} 39. Qh4
{[%clk 00:00:34]} {[%emt 00:03:06]} Qb1+ {[%clk 00:03:25]} {[%emt 00:01:18]} 40.
Kh2 {[%clk 00:01:01]} {[%emt 00:00:03]} Rg6 {[%clk 00:00:51]} {[%emt 00:03:04]}
41. Qd8+ {[%clk 00:28:47]} {[%emt 00:02:42]} Kg7 {[%clk 00:21:45]} {[%emt
00:09:37]} 42. Rxh5 {[%clk 00:28:56]} {[%emt 00:00:21]} Rh6 {[%clk 00:19:02]}
{[%emt 00:03:14]} 43. Qg5+ {[%clk 00:23:44]} {[%emt 00:05:42]} Qg6 {[%clk
00:18:06]} {[%emt 00:01:27]} 44. Qxh6+ {[%clk 00:24:07]} {[%emt 00:00:07]} Qxh6
{[%clk 00:18:31]} {[%emt 00:00:05]} 45. Rxh6 {[%clk 00:24:32]} {[%emt
00:00:05]} Kxh6 {[%clk 00:18:57]} {[%emt 00:00:04]} 46. a5 {[%clk 00:24:53]}
{[%emt 00:00:08]} a6 {[%clk 00:19:23]} {[%emt 00:00:04]} 47. g4 {[%clk
00:25:11]} {[%emt 00:00:12]} f5 {[%clk 00:19:31]} {[%emt 00:00:23]} 48. Kg3
{[%clk 00:25:29]} {[%emt 00:00:11]} fxg4 {[%clk 00:19:45]} {[%emt 00:00:16]} 49.
Kxg4 {[%clk 00:25:52]} {[%emt 00:00:07]} Kg6 {[%clk 00:20:02]} {[%emt
00:00:13]} 50. Kf4 {[%clk 00:26:18]} {[%emt 00:00:04]} 1-0